Les Assegurances dels museus = Los seguros de los museos / [Redacció: Museu Marítim de Barcelona] Museu Marítim de Barcelona]
Descripción Física:
43, 43 p. ; 30 cm
Colección:
Manuals. Museu Marítim ; 6
MARC
| LEADER | 00000nam a2200000Ia 4500 | ||
|---|---|---|---|
| 001 | 19512 | ||
| 008 | 160829s2007 xx 000 0 cat d | ||
| 080 | |a A-2-298 | ||
| 100 | |a Museu Marítim (Barcelona) | ||
| 245 | |a Les Assegurances dels museus = Los seguros de los museos / [Redacció: |b Museu Marítim de Barcelona] | ||
| 260 | |a Barcelona : |b Museu Marítim de Barcelona, |c 2007 | ||
| 300 | |a 43, 43 p. ; |c 30 cm | ||
| 490 | |a Manuals. Museu Marítim ; 6 | ||
| 590 | |a Manual que recull les reflexions fetes durant la Jornada tècnica de museus i assegurances 'Un nou plantejament per assegurar el patrimoni' celebrada el 17 de març de 2005 pel Museu Marítim de Barcelona. | ||
| 590 | |a Text paral·lel capiculat en català i castellà. | ||
| 650 | |a Risc (Assegurances) |9 28201 | ||
| 650 | |a Museus |x Mesures de seguretat |9 28202 | ||
| 901 | |a Arxiu | ||
| 942 | |n 1 | ||
| 952 | |0 0 |1 0 |4 0 |6 A2298 |7 1 |9 44720 |a Arxiu |b Arxiu |d 2016-12-01 |l 0 |o A-2-298 |p 19512 |r 2016-12-01 00:00:00 |w 2016-12-01 |y ARXIU | ||
| 999 | |c 47301 |d 47301 | ||